01078nam a2200193 a 450000100100000000500170001000800410002702000180006804000250008610000260011124501730013726001700031030000210048070000330050195201050053495201170063995201110075699900170086700004036220201002034101.0130822d2010 mx 000 0 spa d a9786070215261 aDO-SdBNPbspacBNPHU1 aZavala, Silvio94636313aEl castellano ¿Lengua obligatoria? :bDiscurso de ingreso a la Ademía Mexicana de la Lengua 28 de enero de 1977, respuesta de Manuel Alcalá Anaya /cSilvio Zavala. aMéxico :bUniversidad Nacional Autónoma de México :bDifusión Cultural, Dirección General de Publicaciones y Fomen : Academia Mexicana de la Lengua,c2010. a167 p. ;c18 cm.1 aAlcalá Anaya, Mauel966662 001050718MOaGRbGRcCTd2013-08-22iLF1l0o p40362-10r2020-06-25w2020-06-25y1ZNo se presta 001052708MOaGRbGRcCTd2013-08-22iLF1l0o p40362-20r2020-06-25te. 3w2020-06-25y2ZPréstamo interno 001050718MOaGRbGRcCTd2013-08-22iLF1l0o p40362-30r2020-06-25te. 2w2020-06-25y1ZNo se presta c39852d39852